|
|
|
|
| LEADER |
00000cam a2200000 7i4500 |
| 001 |
0000012652 |
| 005 |
20071227.0 |
| 008 |
071227 |
| 020 |
|
|
|a 9832957044
|
| 090 |
0 |
0 |
|a 297.272
|b AHM
|
| 100 |
1 |
|
|a Ahmad F. Yousif
|
| 245 |
1 |
0 |
|a Islam and science :
|b A southeast Asian perspective
|c Ahmad F. Yousif
|
| 260 |
|
|
|a Kuala Lumpur :
|b IIUM ,
|c 2004
|
| 650 |
|
0 |
|a Education
|
| 650 |
|
0 |
|a Islam and science
|z Southeast Asia
|
| 650 |
|
0 |
|a Religion
|
| 710 |
0 |
|
|a Title
|
| 999 |
|
|
|a 0000946782
|b Book
|c Adult Collection
|e Cawangan Bandar Tenggara
|
| 999 |
|
|
|a 0001010047
|b Book
|c Adult Collection
|e Perbadanan Perpustakaan Awam Johor
|